AKP'nin insan hakları karnesi (Record no. 6589)
[ view plain ]
| 000 -BAŞLIK | |
|---|---|
| Sabit Uzunlukta Kontrol Alanı | 01390na a2200325 4500 |
| 999 ## - SİSTEM KONTROL NUMARALARI (KOHA) | |
| Koha Biblionumber | 6589 |
| Koha Biblioitemnumber | 6589 |
| 001 - KONTROL NUMARASI | |
| Denetim Alanı | 21260 |
| 003 - KONTROL NUMARASI IDENTIFIER | |
| Denetim Alanı | MIRAKIL |
| 005 - SON İŞLEM TARİHİ VE ZAMANI | |
| Denetim Alanı | 20200623163129.0 |
| 008 - SABİT-BOY VERİ ELEMANLARI - GENEL BİLGİLER | |
| Sabit Uzunlukta Kontrol Alanı | 170202b tu 000 0 |
| 035 ## - SİSTEM KONTROL NUMARASI | |
| Sistem Kontrol Numarası | 20746 |
| 040 ## - KATALOGLAMA KAYNAK | |
| Orijinal Kataloglama Ajansı | Milas |
| Kataloglama Dili | tur |
| Metne Dönüştürmek Ajansı | TR-AnCHP |
| 041 ## - DİL KODU | |
| Metin / Ses Parça Veya Ayrı Başlığın Dil Kodu | tur |
| 082 ## - DEWEY ONLU SINIFLANDIRMA NUMARASI | |
| Sınıflandırma Numarası | CHP 324.2182 |
| Ürün Numarası | C36523a 2017 |
| 090 ## - SINIFLAMA NUMARASI | |
| Sınıflama Numarası | CHP 324.2182 C36523a 2017 |
| 110 ## - ANA GİRİŞ - KURUMSAL ADI | |
| Giriş Elemanı Olarak Kurumsal Ad Veya Yargı Alanı Adı | Cumhuriyet Halk Partisi (CHP) |
| Alt Birim | İnsan ve Doğa Hakları Genel Başkan Yardımcılığı |
| 245 ## - BAŞLIK TABLOSU | |
| Başlık | AKP'nin insan hakları karnesi |
| Sorumluluk Tablosu, Vb | CHP İnsan ve Doğa Hakları Genel Başkan Yardımcılığı |
| 260 ## - YAYIN, DAĞITIM, VB | |
| Yayın, Dağıtım, Vb Yeri | Ankara |
| Yayıncı, Dağıtıcı, Vs Adı | CHP |
| Yayın, Dağıtım, Vb Tarihi | 2017 |
| 300 ## - FİZİKSEL TANIM | |
| Kapsam | [40] s. |
| Diğer Fiziksel Ayrıntıları | rnk. |
| Boyutlar | 13x8 sm. |
| 440 ## - SERİSİ TABLOSU / KATMA GİRİŞİ - BAŞLIK | |
| Başlık | CHP İnsan ve Doğa Hakları yayınlar |
| Bir İşin Parçası / Bölümün İsmi | Broşürler |
| 505 ## - BİÇİMLENDİRİLDİ İÇİNDEKİLER NOT | |
| Biçimlendirilmiş İçeriği Dikkat | AKP iktidarında faili meçhul cinayetler - Adalet ve hukuk - Basın özgürlüğü - Sokağa çıkma yasakları - Barış - Demokrasi - Kadın - Çocuk - LGBTİ - Kumpas davaları - 12 Eylül Darbesi - AKP'nin OHAL'i - AKP'nin Türkiye'si |
| 610 ## - KONU KATMA GİRİŞ - TOPLANTI ADI | |
| Giriş Elemanı Olarak Kurumsal Ad Veya Yargı Alanı Adı | Cumhuriyet Halk Partisi (CHP) |
| Genel Alt Bölüm | İnsan hakları |
| Kronolojik Alt Bölüm | AKP iktidarı |
| 610 ## - KONU KATMA GİRİŞ - TOPLANTI ADI | |
| Giriş Elemanı Olarak Kurumsal Ad Veya Yargı Alanı Adı | AKP |
| Genel Alt Bölüm | Siyaset ve yönetim |
| Kronolojik Alt Bölüm | 2002- |
| 650 ## - KONU KATMA GİRİŞ - TOPİKAL DÖNEM | |
| Topikal Süreli Veya Coğrafi Ad Giriş Elemanı | İnsan hakları |
| Coğrafi Alt Bölümü | Türkiye |
| 651 ## - KONU KATMA GİRİŞ - COĞRAFİ ADI | |
| Coğrafi İsim | Türkiye |
| Genel Alt Bölümü | Hak ve özgürlükler |
| Kronolojik Alt Bölümü | 2002- |
| 830 ## - SERİSİ EKLENDİ GİRİŞ - ÜNİFORM ADI | |
| Üniforma Başlık | CHP broşürleri |
| 942 ## - EKLENDİ GİRİŞ ELEMANLARI (KOHA) | |
| Koha Öğesi Türü | Books |
| 999 ## - SİSTEM KONTROL NUMARALARI (KOHA) | |
| Koha Biblioitemnumber | 6589 |
| Kalıcı Konum | Mevcut Konum | Edinme Tarihi | Edinim Kaynak | Toplam Check-Out'Lar | Tam Çağrı Numarası | Barkod | Tarih Son Görülme | İtibaren Geçerli Fiyatlar | Koha Öğesi Türü |
|---|---|---|---|---|---|---|---|---|---|
| CHP Kütüphanesi | CHP Kütüphanesi | 02/02/2017 | Bağış | CHP 324.2182 C36523a 2017 | 013351 | 02/02/2017 | 02/02/2017 | Books |
